书目信息 |
| 题名: |
情绪心理学
|
|
| 作者: | 斯托曼 , Strongman 著 ;张燕云 译 | |
| 分册: | ||
| 出版信息: | 沈阳 辽宁人民出版社 1986 |
|
| 页数: | 509页 | |
| 开本: | 20cm | |
| 丛书名: | ||
| 单 册: | ||
| 中图分类: | B842.6 , B84 | |
| 科图分类: | ||
| 主题词: | 情绪 , 心理学 | |
| 电子资源: | ||
| ISBN: | ||
| 000 | 00894nam0 2200313 45 | |
| 001 | 1255982254 | |
| 005 | 20120928153619.35 | |
| 010 | @dCNY3.60 | |
| 091 | @aCN@b3090.792 | |
| 100 | @a19900802d1986 emky0chiy0121 ea | |
| 101 | 1 | @achi@ceng |
| 102 | @aCN@b210000 | |
| 105 | @ay z 000yy | |
| 200 | 10 | @a情绪心理学@Aqing xu xin li xue@f(美)斯托曼(Strongman,K.T.)著@g张燕云译 |
| 210 | @a沈阳@c辽宁人民出版社@d1986 | |
| 215 | @a509页@d20cm | |
| 300 | @a书名原文: The psychology of emotion | |
| 300 | @a根据美国约翰·威利和桑斯股份有限公司1978年英文第2版译出 | |
| 510 | 1 | @aThe psychology of emotion@zeng |
| 606 | 0 | @a情绪 |
| 606 | 0 | @a心理学 |
| 690 | @aB842.6@v3 | |
| 690 | @aB84@v4 | |
| 701 | 1 | @a斯托曼@Asi tuo man@bK.T.@4著 |
| 701 | A1 | @aStrongman@bK.T.@4著 |
| 702 | 0 | @a张燕云@Azhang yan yun@4译 |
| 801 | 0 | @aCN@bTSSF |
| 801 | 2 | @aCN@bNLC |
| 905 | @a10447@dB84@eJY62 | |
| 情绪心理学/(美)斯托曼(Strongman,K.T.)著/张燕云译.-沈阳:辽宁人民出版社,1986 |
| 509页;20cm |
| 书名原文: The psychology of emotion.-根据美国约翰·威利和桑斯股份有限公司1978年英文第2版译出 |
| ISBN :CNY3.60 |
| ● |
| 相关链接 |
|
|
|
|
正题名:情绪心理学
索取号:B84/JY62
 
预约/预借
| 序号 | 登录号 | 条形码 | 馆藏地/架位号 | 状态 | 备注 |
| 1 | 7830223 | 278302230 | 学院路分馆/ [索取号:B84/JY62] | 在馆 | |
| 2 | 7830224 | 278302249 | 学院路分馆/ [索取号:B84/JY62] | 在馆 |